MARC

LEADER 00000nam0a2200000 4500
001 331479
005 20231102004348.0
035 |a (RuTPU)RU\TPU\book\357306 
035 |a RU\TPU\book\357305 
090 |a 331479 
100 |a 20170425d1978 k y0rusy50 ca 
101 0 |a rus 
102 |a UZ 
105 |a a z 001zy 
200 1 |a Вопросы геологии, разведки и разработки нефтяных и газовых месторождений Узбекистана  |e [сборник статей]  |f Ташкентский политехнический институт ; отв. ред. З. С. Ибрагимов 
210 |a Ташкент  |c Изд-во ТашПИ  |d 1978 
215 |a 123 с.  |c ил. 
225 1 |a Сборник научных трудов  |v Вып. 252 
320 |a Библиография в конце глав. 
606 1 |a Нефтегазовые месторождения  |x Геология  |2 stltpush  |3 (RuTPU)RU\TPU\subj\68603  |9 83810 
606 1 |a Нефть и газ  |x Добыча  |x Себестоимость  |2 stltpush  |3 (RuTPU)RU\TPU\subj\45905  |9 65094 
610 1 |a разведка 
610 1 |a разработка 
610 1 |a Узбекистан 
610 1 |a геологическое строение 
610 1 |a нефтегазоносность 
610 1 |a перспективность 
610 1 |a Ферганская долина 
675 |a 553.98  |v 3 
675 |a 622.32  |v 3 
702 1 |a Ибрагимов  |b З. С.  |4 340 
712 0 2 |a Ташкентский политехнический институт  |2 stltpush  |3 (RuTPU)RU\TPU\col\6741 
801 1 |a RU  |b 63413507  |c 20051118  |g PSBO 
801 2 |a RU  |b 63413507  |c 20170620  |g PSBO 
942 |c BK